000 00986nam a22002417a 4500
010 _a803584
020 _c75.00
035 _a803584
037 _bCen Lib / Ret
040 _aDPL
_bEN
082 _a615.52
_bAGN
100 _aAgnivesa's
245 _aAgnivesa's Caraka saṃhita
_b(text with English translation & critical exposition based on Cakrapāṇi Datta's Āyurveda Dīpikā) /
_cby Agnivesa's ; Ram Karan Sharma [and] Vaidya Bhagwan Das
260 _aVaranasi
_bChowkhamba Sanskrit Series office
_c1976
270 _aChowkhamba Sanskrit Series office
_bVaranasi
300 _a(v 1. xlv, 619 ; v 2. 597 ; v 3. xxvii, 632)
_b24cm(Hb)
505 _av 1. Sotra Sthana ; v 2. Darbhanga - Bihar and Vaidya Bhagwan Dash ; v 3 Chikitsa Sthana Chapters I-XIV
650 _a Medicine, Ayurvedic -- Early works to 1800.
650 _aMedicine -- India
700 _aSharma, Ram Karan
700 _aDash, Vidya Bhagwan
942 _2ddc
_cEN
_h615.52
_mAGN
999 _c136729
_d136729